| 000 | 005110000a22001930004500 | ||
|---|---|---|---|
| 001 | 003530 | ||
| 003 | MACL | ||
| 005 | 20151016162729.0 | ||
| 008 | 151016b xxu||||| |||| 00| 0 eng d | ||
| 040 |
_aMACL _cMACL |
||
| 041 | _aEnglish | ||
| 082 | _a920/SHA | ||
| 100 |
_aSharma, S.K. _915411 |
||
| 245 |
_aRaja Ram Mohan Roy _bAn Apostle of Indian Awakening Vol. Two _cS.K. Sharma |
||
| 260 |
_aNew Delhi _c2005 _bA Mittal Publication, |
||
| 350 | _a2100 | ||
| 650 |
_aBiography _915412 |
||
| 942 |
_k920 _cBK _2ddc |
||
| 999 |
_c15430 _d15430 |
||